Представление документа в формате MARC21

Поле Инд. ПП Название Значение
Тип записи a
Библиографический уровень m
001 _ Контрольный номер RU\infra-m\znanium\bibl\1062389
005 _ Дата корректировки 20250915104118.6
008 Кодируемые данные 200826s2020 RU g rus u
020 a ISBN 978-5-369-01222-2
020 a ISBN 978-5-16-103938-0
020 a ISBN 978-5-16-006880-0
040 a Служба первич. каталог. Общество с ограниченной ответственностью «ЗНАНИУМ»
041 a Код языка текста rus
044 a Код страны публикации RU
080 a Индекс УДК 620.22(075.8)
084 2 Источник индекса rubbk
a Индекс другой классификации/Индекс ББК 30.3я73
084 2 Источник индекса okso
a Индекс другой классификации/Индекс ББК 27.03.01
084 2 Источник индекса okso
a Индекс другой классификации/Индекс ББК 13.03.03
084 2 Источник индекса okso
a Индекс другой классификации/Индекс ББК 15.03.02
084 2 Источник индекса okso
a Индекс другой классификации/Индекс ББК 22.03.01
084 2 Источник индекса okso
a Индекс другой классификации/Индекс ББК 15.03.01
084 2 Источник индекса okso
a Индекс другой классификации/Индекс ББК 15.03.03
084 2 Источник индекса okso
a Индекс другой классификации/Индекс ББК 15.03.05
100 1_ a Автор Давыдова Ирина Сергеевна
q Полное имя Ирина Сергеевна
245 a Заглавие Материаловедение
b Продолж. заглавия Учебное пособие
250 a Основные сведения об издании 2
260 a Место издания Москва
b Издательство Издательский Центр РИОР
c Дата издания 2020
300 a Объем 228 с.
520 a Аннотация В учебном пособии в краткой и доступной форме рассмотрены все основные вопросы, предусмотренные государственным образовательным стандартом и учебной программой по дисциплине «Материаловедение».
521 a Примеч. о целев. назн. ВО - Бакалавриат
650 a Основная рубрика Общетехнические дисциплины
x Основная подрубрика Материаловедение
700 1_ a Другие авторы Максина Е.Л.
852 x Примечание, не предназначенное для пользователя znanium2022
856 4_ a Имя сервера/домена znanium.com
m Помощь ebs_support@infra-m.ru
n Местонахождение сервера НИЦ ИНФРА-М
u URL http://znanium.com/catalog/document?id=355346
z Примечание для пользователя Участвует в КО
856 41 a Имя сервера/домена znanium.com
d Путь /cover/1062
f Электронное имя 1062389.jpg
q Тип электронного формата image/jpeg
u URL https://znanium.com/cover/1062/1062389.jpg